00938nam a22001817a 4500003000400000005001700004008004100021040007600062082002100138100002500159245006000184260004000244300003600284505035300320650002100673650004000694650002200734OSt20230919145053.0230731b ||||| |||| 00| 0 eng d aMunicipalidad Provincial del CuscobspacBiblioteca Municipal del Cusco a780.2 / R88bR88 aRozas Aragón, Abel aMiscelánea Cultural del Cusco /cAbel Rozas Aragón  aCusco :bAbel Rozas Aragón,c2022 a496 páginas ; fotos ;c16 cm. aUna recopilación de sesenta y un textos en los cuales se vierte toda la experiencia de vida del autor. Son artículos, notas, comentarios, reflexiones textos de cariz histórico o musicológico, algunas necesarias biografías y aproximaciones a la vida musical y cultural del Cusco, publicados en periódicos, revistas o programas de mano... 0aMúsica - Cusco 0aMusíca orquestal - Perú - Cusco 0aHistoria de Cusco